000 00502nam a2200181Ia 4500
005 20250508154317.0
008 008 250505s9999 xx 000 0 eng d
037 _aTextual
040 _aFEDL
_beng
_cFEDL
041 _aeng
_2eng
084 _a371.426, MAC
_qFEDL
100 _aMaclennan Alexander
_9765296
245 0 _aTechnical teaching and instruction
260 _aLondon, UK
_bOldbourne
_c1963
300 _a187p
942 _cTEXL
_h371.426, MAC
999 _c1349516
_d1349516